La France du XVIIe siècle (notice n° 2186545)

détails MARC
000 -LEADER
fixed length control field 01075cam a2200133 4500500
005 - DATE AND TIME OF LATEST TRANSACTION
control field 20260405064239.0
041 ## - LANGUAGE CODE
Language code of text/sound track or separate title fre
042 ## - AUTHENTICATION CODE
Authentication code dc
100 10 - MAIN ENTRY--PERSONAL NAME
Personal name Albert, Jean-Marc
Relator term author
245 00 - TITLE STATEMENT
Title La France du XVIIe siècle
260 ## - PUBLICATION, DISTRIBUTION, ETC.
Name of publisher, distributor, etc. Armand Colin,<br/>
Date of publication, distribution, etc. 2012.<br/>
520 ## - SUMMARY, ETC.
Summary, etc. Panorama synthétique de la France du XVIIe siècle, cet outil de travail méthodologique est inédit et répond parfaitement aux besoins spécifiques des étudiants. L’auteur, professeur en classes préparatoires, a souhaité offrir un véritable complément aux cours et aux manuels de référence. L'essentiel des connaissances, événements politiques, faits culturels et religieux, contexte social et économique, grandes figures de la période... s’appuie sur un choix de documents les plus significatifs. Des plans de dissertation, une chronologie, un glossaire, et des sources livresques et informatiques seront des ressources pédagogiques et des repères précieux.
856 41 - ELECTRONIC LOCATION AND ACCESS
Uniform Resource Identifier <a href="https://shs.cairn.info/la-france-du-xviie-siecle--9782200278618?lang=fr&redirect-ssocas=7080">https://shs.cairn.info/la-france-du-xviie-siecle--9782200278618?lang=fr&redirect-ssocas=7080</a>

Pas d'exemplaire disponible.

PLUDOC

PLUDOC est la plateforme unique et centralisée de gestion des bibliothèques physiques et numériques de Guinée administré par le CEDUST. Elle est la plus grande base de données de ressources documentaires pour les Étudiants, Enseignants chercheurs et Chercheurs de Guinée.

Adresse

627 919 101/664 919 101

25 boulevard du commerce
Kaloum, Conakry, Guinée

Réseaux sociaux

Powered by Netsen Group @ 2025